Tous les pokémon de Lovis - Statistiques

Statistiques générales
  • Ce quiz a été pris 20 fois
  • Le résultat moyen est 11 sur 17
Statistiques - réponses
Hint Réponse % Correct
Diamant & Perle Léviator
100%
Mustéflott
100%
Maraiste
93%
Pingoléon
86%
Hyporoi
71%
Ludicolo
71%
Serpang
71%
Tartard
71%
Noir2 & Blanc2 Tritosor
71%
Békipan
64%
Laggron
64%
Luminéon
64%
Platine Sharpedo
64%
Diamant étincelant & Perle scintillante Tarpaud
64%
Suicune
43%
Armaldo
14%
Cizayox
14%
Aucun quiz correspondant
Distribution des résultats
% des personnes avec chaque résultat
Percentile par nombre de réponses
Votre historique - résultats
Vous n’avez pas pris ce quiz